000 00889nam a2200289Ia 4500
001 Z_5271
003 CHAP
008 220113s2005 xx 000 0 und d
010 _a168335
040 _cCHAP
090 _aTesis F 1874
100 _aFlores Islas, Valentino
_941594
245 _aEfecto del benzoato de estradiol en la fertilidad de ovejas criollas /
_cpor Valentino Flores Islas y Jorge Ramírez Martínez
260 _aChapingo, Méx. :
_bEl autor,
_c2005
300 _a50 h.
502 _aTesis (Ing. Agr. Esp. en Zootecnia) -- UACH. Departamento de Zootecnia
650 _aEstradiol
_938459
650 _aGanado lanar
_xFecundidad
_945181
650 _aHormonas
_xEfecto en animales domésticos
_956236
700 _aRamírez Martínez, Jorge
_994133
901 _aTESIS F 1874
902 _aM
910 _a2005
942 _c2
942 _c2
999 _c168335
_d168335